Criminología y sistema penal : compilación in memoriam /

Guardado en:
Autor Principal: Baratta, Alessandro
Formato: Desconocido
Idioma:Spanish
Publicado: Buenos Aires : B de f, 2004
Series:Memoria Criminológica
Materias:
Etiquetas: Agregar Etiqueta
Sin Etiquetas, Sea el primero en etiquetar este registro!
LEADER 00492nac a22001575a 4500
001 DER.der001340
008 180615s2004####ag#||||||||||||||#||spa||
005 20260127125617.0
245 1 0 |a Criminología y sistema penal :  |b compilación in memoriam /  |c Alessandro Baratta. 
260 |a Buenos Aires :  |b B de f,  |c 2004 
300 |a 459 p. 
440 0 |a Memoria Criminológica 
020 |a 9974578345 
100 1 |a Baratta, Alessandro 
650 7 |a CRIMINOLOGÍA 
859 |a DERECHO  |b BIB. DERECHO  |h 345.112  |i BAR  |p 001089